[Event "4NCL/Div2/WWKS1 vs. SWD1"]
[Site "Birmingham ENG"]
[Date "2005.10.22"]
[Round "1.1"]
[White "Wu, Li"]
[Black "Cobb, James E"]
[Result "0-1"]
[WhiteElo "2287"]
[BlackElo "2343"]
[PlyCount "51"]
[EventDate "2005.10.22"]
[SourceDate "2005.10.25"]

1. d4 e6 2. c4 d5 3. Nc3 Be7 4. Nf3 Nf6 5. Bg5 Nbd7 6. e3 O-O 7. Qc2 c6 8. cxd5
exd5 9. Bd3 Re8 10. O-O Nf8 11. Rab1 Ne4 12. Bxe7 Qxe7 13. Bxe4 dxe4 14. Nd2 f5
15. b4 Be6 16. b5 Rac8 17. Rfc1 c5 18. d5 Bf7 19. Nc4 Red8 20. Rd1 Ng6 21. f4
exf3 22. Qxf5 fxg2 23. e4 Rf8 24. e5 Qh4 25. e6 Be8 26. Qd3 0-1

[Event "4NCL/Div2/WWKS1 vs. SWD1"]
[Site "Birmingham ENG"]
[Date "2005.10.22"]
[Round "1.2"]
[White "Jones, Richard S"]
[Black "Mason, Don"]
[Result "1/2-1/2"]
[WhiteElo "2310"]
[BlackElo "2277"]
[PlyCount "89"]
[EventDate "2005.10.22"]
[SourceDate "2005.10.25"]

1. e4 c5 2. Nf3 Nc6 3. d4 cxd4 4. Nxd4 Nf6 5. Nc3 e5 6. Ndb5 d6 7. Bg5 a6 8.
Na3 b5 9. Bxf6 gxf6 10. Nd5 f5 11. c3 Bg7 12. Bd3 Be6 13. Nxb5 axb5 14. Bxb5
Bd7 15. exf5 O-O 16. O-O Rb8 17. a4 Kh8 18. Qf3 e4 19. Qf4 Be5 20. Qxe4 Re8 21.
Qd3 Ne7 22. f4 Nxd5 23. Qxd5 Bxb5 {=} 24. axb5 Qb6+ 25. Kh1 Bf6 26. c4 Bxb2 27.
Ra6 Qf2 {=} 28. Qd3 Qe2 29. Rxd6 Qxd3 30. Rxd3 Rec8 31. Rb3 Bd4 32. Rc1 h5 33.
Rd3 Bf6 34. Rd5 Kg7 35. Kg1 Rd8 36. Rxd8 Bxd8 37. g3 Kf6 38. Kg2 Kxf5 39. Kf3
Ke6 40. Rd1 Be7 41. Rd5 Rc8 42. Rxh5 Rxc4 43. Kg4 Rb4 44. h4 Bd6 45. Kf3
1/2-1/2

[Event "4NCL/Div2/WWKS1 vs. SWD1"]
[Site "Birmingham ENG"]
[Date "2005.10.22"]
[Round "1.3"]
[White "Thomas, Nicholas"]
[Black "James, David J"]
[Result "1/2-1/2"]
[WhiteElo "2234"]
[BlackElo "2222"]
[PlyCount "32"]
[EventDate "2005.10.22"]
[SourceDate "2005.10.25"]

1. e4 c5 2. Nc3 d6 3. f4 Nc6 4. Bb5 Bd7 5. Nf3 e6 6. O-O Nge7 7. a4 Nd4 8. Bd3
Nec6 9. Nxd4 Nxd4 10. f5 Be7 11. fxe6 Bxe6 12. Nd5 Bg5 13. c3 Nc6 14. Bb5 O-O
15. Bxc6 bxc6 16. Nf4 Bxf4 1/2-1/2

[Event "4NCL/Div2/WWKS1 vs. SWD1"]
[Site "Birmingham ENG"]
[Date "2005.10.22"]
[Round "1.4"]
[White "Zeidler, Sven P"]
[Black "James, Russell A"]
[Result "1-0"]
[WhiteElo "2203"]
[BlackElo "2219"]
[PlyCount "65"]
[EventDate "2005.10.22"]
[SourceDate "2005.10.25"]

1. e4 c6 2. d4 d5 3. f3 e5 4. dxe5 Ne7 5. Nc3 d4 6. Nce2 c5 7. f4 Nbc6 8. Nf3
Bg4 9. Ng3 Qb6 10. a3 g5 11. Bc4 gxf4 12. Bxf4 O-O-O 13. O-O Bg7 14. Bxf7 Rhf8
15. e6 Qxb2 16. Rb1 Qxa3 17. h3 Bxf3 18. Rxf3 d3 19. Rxd3 Rxd3 20. cxd3 Rd8 21.
Nf5 Qc3 22. Qb3 Qxb3 23. Rxb3 Bd4+ 24. Kf1 Nxf5 25. exf5 Bf6 26. Be3 b6 27. g4
Nd4 28. g5 Nxb3 29. gxf6 a5 30. e7 a4 31. Bxb3 axb3 32. f7 b2 33. exd8=Q+ 1-0

[Event "4NCL/Div2/WWKS1 vs. SWD1"]
[Site "Birmingham ENG"]
[Date "2005.10.22"]
[Round "1.5"]
[White "Hynes, Anthony"]
[Black "Spice, Alan"]
[Result "0-1"]
[WhiteElo "2283"]
[BlackElo "2189"]
[PlyCount "144"]
[EventDate "2005.10.22"]
[SourceDate "2005.10.25"]

1. e4 e6 2. d4 d5 3. Nd2 Nc6 4. Ngf3 Nf6 5. e5 Nd7 6. Be2 Be7 7. Nf1 Ncb8 8.
Ng3 c5 9. c3 b6 10. Qa4 Bb7 11. O-O Qc8 12. dxc5 bxc5 13. Qg4 g6 14. Bh6 Nc6
15. Bb5 Ba6 16. Bxa6 Qxa6 17. Rfe1 Bf8 18. Bxf8 Kxf8 19. Ng5 Qc8 20. f4 h5 21.
Qf3 h4 22. Ne2 Rh5 23. Qg4 Ne7 24. b4 Nf5 25. Rab1 Kg7 26. Kh1 Qa6 27. bxc5
Nxc5 28. Nc1 Rc8 29. Qf3 Na4 30. Ne2 Rc4 31. Qd3 Nc5 32. Qd2 Ra4 33. Nc1 Ne4
34. Nxe4 Rxe4 35. Nd3 Rxe1+ 36. Rxe1 Qb6 37. Qf2 Qb5 38. Qc2 Qb6 39. Qf2 Rh8
40. Qxb6 axb6 41. Rb1 Ra8 42. Nc1 Rc8 43. Ne2 Rc4 44. Kg1 Ra4 45. Rb2 Ne3 46.
Nd4 Nd1 47. Rxb6 Nxc3 48. Nc6 Rxf4 49. g3 Re4 50. Rb7 h3 51. Nd8 Rxe5 52. Rxf7+
Kg8 53. Rf6 Re1+ 54. Kf2 Rh1 55. Rxg6+ Kh7 56. Rxe6 Rxh2+ 57. Kf3 Rxa2 58. Re7+
Kg6 59. Kg4 Ne4 60. Kxh3 Ng5+ 61. Kh4 Ra4+ 62. g4 Ra3 63. Rg7+ Kxg7 64. Kxg5
Rf3 65. Ne6+ Kf7 66. Nd4 Rf1 67. Nf5 Ke6 68. Nd4+ Ke5 69. Nc6+ Ke4 70. Kg6 Rc1
71. Ne7 d4 72. Nf5 d3 0-1

[Event "4NCL/Div2/WWKS1 vs. SWD1"]
[Site "Birmingham ENG"]
[Date "2005.10.22"]
[Round "1.6"]
[White "Trevelyan, John"]
[Black "Pitcher, John"]
[Result "1-0"]
[WhiteElo "2186"]
[BlackElo "2183"]
[PlyCount "97"]
[EventDate "2005.10.22"]
[SourceDate "2005.10.25"]

1. d4 d5 2. Nf3 Nf6 3. c4 c6 4. cxd5 cxd5 5. Nc3 Nc6 6. Bf4 a6 7. e3 Bg4 8. Bd3
e6 9. Qb3 Bxf3 10. gxf3 Bd6 11. Bxd6 Qxd6 12. Rc1 O-O 13. O-O b5 14. Qd1 Rfc8
15. f4 Na5 16. Qe2 Rc6 17. Nb1 Rac8 18. Rxc6 Rxc6 19. Nd2 Rc7 20. Nf3 Ne4 21.
Kh1 f6 22. Rg1 Qb4 23. Nh4 Qe7 24. Bb1 Nc6 25. Nf3 Nb8 26. Ne1 e5 27. dxe5 fxe5
28. fxe5 Qxe5 29. Nd3 Qe7 30. Nf4 Nf6 31. Nh5 g6 32. Bxg6 Kh8 33. Bb1 Nbd7 34.
Nf4 Qe5 35. Qd2 Nc5 36. Qb4 Ncd7 37. Ne2 Rc4 38. Qa5 Qc7 39. Qxa6 Rh4 40. Nf4
Ng4 41. Qa8+ Nb8 42. h3 Rxh3+ 43. Kg2 Rh5 44. Qa3 Rg5 45. Qf8+ Rg8 46. Ng6+
hxg6 47. Rh1+ Qh7 48. Rxh7+ Kxh7 49. Qf7+ 1-0

[Event "4NCL/Div2/WWKS1 vs. SWD1"]
[Site "Birmingham ENG"]
[Date "2005.10.22"]
[Round "1.7"]
[White "Fishburne, Stewart K"]
[Black "Morris, Charles F"]
[Result "1/2-1/2"]
[WhiteElo "2170"]
[BlackElo "2203"]
[PlyCount "45"]
[EventDate "2005.10.22"]
[SourceDate "2005.10.25"]

1. e4 e6 2. d4 d5 3. Nc3 Nf6 4. e5 Nfd7 5. f4 c5 6. Nf3 Nc6 7. Be3 cxd4 8. Nxd4
Bc5 9. Qd2 a6 10. O-O-O O-O 11. Kb1 Qc7 12. h4 b5 13. Nxc6 Qxc6 14. Bxc5 Nxc5
15. Bd3 b4 16. Ne2 a5 17. Rh3 Ba6 18. f5 Bxd3 19. cxd3 exf5 20. Nd4 Qb6 21. Rf1
f4 22. Rxf4 Ne6 23. Nxe6 1/2-1/2

[Event "4NCL/Div2/WWKS1 vs. SWD1"]
[Site "Birmingham ENG"]
[Date "2005.10.22"]
[Round "1.8"]
[White "van Kemenade, Julie"]
[Black "Malik, Dani"]
[Result "0-1"]
[WhiteElo "1935"]
[BlackElo "1955"]
[PlyCount "72"]
[EventDate "2005.10.22"]
[SourceDate "2005.10.25"]

1. e4 d5 2. exd5 Nf6 3. d4 Bg4 4. Be2 Bxe2 5. Nxe2 Qxd5 6. Nbc3 Qh5 7. Bf4 Na6
8. a3 e6 9. Qd3 Be7 10. Ng3 Qa5 11. O-O c6 12. b4 Qd8 13. Nce4 Nd5 14. Bd2 Nac7
15. Nh5 g6 16. Nhg3 Nf6 17. Rad1 Nxe4 18. Nxe4 Nb5 19. Bh6 Nd6 20. f3 Nf5 21.
Bc1 Qb6 22. Kh1 O-O-O 23. Bb2 Rhe8 24. c4 Kb8 25. Rf2 Ka8 26. Rfd2 Qc7 27. b5
cxb5 28. cxb5 Qf4 29. g3 Qe3 30. a4 Rc8 31. d5 exd5 32. Qxd5 Qxf3+ 33. Kg1 Ne3
34. Qd3 Red8 35. Qc3 Qxd1+ 36. Rxd1 Rxd1+ 0-1

[Event "4NCL/Div2/WRO vs. GUI3"]
[Site "Birmingham ENG"]
[Date "2005.10.22"]
[Round "1.1"]
[White "Hanley, Craig A"]
[Black "Cooksey, Paul S"]
[Result "1-0"]
[WhiteElo "2388"]
[BlackElo "2253"]
[PlyCount "87"]
[EventDate "2005.10.22"]
[SourceDate "2005.10.25"]

1. e4 c6 2. d4 d5 3. Nc3 dxe4 4. Nxe4 Nd7 5. Ng5 Ngf6 6. Bd3 e6 7. N1f3 Bd6 8.
Qe2 h6 9. Ne4 Nxe4 10. Qxe4 Qc7 11. Qg4 Kf8 12. O-O c5 13. c3 b6 14. Re1 Bb7
15. Qh3 Re8 16. Be4 Bxe4 17. Rxe4 Nf6 18. Re2 Kg8 19. Bd2 c4 20. Rae1 b5 21.
Ne5 Rd8 22. Qf3 Bxe5 23. Rxe5 Rd5 24. Qg3 Qd7 25. b3 Kh7 26. Qf3 Rc8 27. Bxh6
Kxh6 28. Qh3+ Kg6 29. f4 cxb3 30. R1e3 Rxe5 31. Rg3+ Ng4 32. Qxg4+ Kf6 33. Qh4+
g5 34. fxe5+ Ke7 35. Qxg5+ Ke8 36. axb3 Qe7 37. Qxe7+ Kxe7 38. b4 a5 39. bxa5
Ra8 40. h4 Rxa5 41. Kh2 Ra4 42. h5 b4 43. cxb4 Rxb4 44. h6 1-0

[Event "4NCL/Div2/WRO vs. GUI3"]
[Site "Birmingham ENG"]
[Date "2005.10.22"]
[Round "1.2"]
[White "Granat, Russell G"]
[Black "Potts, Alan W"]
[Result "1/2-1/2"]
[WhiteElo "2262"]
[BlackElo "2275"]
[PlyCount "68"]
[EventDate "2005.10.22"]
[SourceDate "2005.10.25"]

1. e4 e6 2. d4 d5 3. Nc3 Bb4 4. e5 c5 5. a3 Bxc3+ 6. bxc3 Qc7 7. Nf3 Ne7 8. Bd3
b6 9. O-O Ba6 10. a4 Bxd3 11. cxd3 Nd7 12. Ba3 O-O 13. Qd2 f6 14. Rfe1 Ng6 15.
dxc5 bxc5 16. d4 fxe5 17. Nxe5 Ndxe5 18. dxe5 Rf5 19. Rab1 Raf8 20. Rb5 Rxf2
21. Qxf2 Rxf2 22. Rxc5 Qd7 23. Kxf2 Qxa4 24. Rc8+ Kf7 25. Bc5 Qh4+ 26. Kf1 Nf4
27. Rc7+ Kg6 28. Bf8 Nh5 29. Re3 Qxh2 30. Rxa7 Qf4+ 31. Rf3 Qc1+ 32. Ke2 Qc2+
33. Kf1 Qd1+ 34. Kf2 Qd2+ 1/2-1/2

[Event "4NCL/Div2/WRO vs. GUI3"]
[Site "Birmingham ENG"]
[Date "2005.10.22"]
[Round "1.3"]
[White "Adams, David M"]
[Black "Jackson, Adrian"]
[Result "1/2-1/2"]
[WhiteElo "2235"]
[BlackElo "2226"]
[PlyCount "118"]
[EventDate "2005.10.22"]
[SourceDate "2005.10.25"]

1. e4 c5 2. Nf3 d6 3. Bb5+ Nd7 4. d4 Ngf6 5. Nc3 a6 6. Bxd7+ Nxd7 7. a4 e6 8.
O-O Be7 9. d5 Nf6 10. Re1 O-O 11. h3 Rb8 12. a5 Re8 13. Be3 h6 14. Nd2 Bf8 15.
Qf3 exd5 16. Nxd5 Nxd5 17. exd5 g6 18. g4 f5 19. Qg3 Qf6 20. g5 Qxb2 21. Nc4
Qc3 22. Nxd6 f4 23. Qxf4 Bxd6 24. Qxd6 Bf5 25. Qxc5 Qxc5 26. Bxc5 hxg5 27. c3
Bxh3 28. Re3 Rxe3 29. fxe3 Bf5 30. Ra4 Re8 31. Rb4 Rc8 32. Bd4 Rd8 33. c4 Rd7
34. Kf2 Be4 35. Kg3 Kf7 36. Kg4 Bd3 37. Kxg5 Rc7 38. d6 Rd7 39. c5 Be4 40. Kf4
Bc6 41. Rb2 Ke6 42. Kg5 Be4 43. Rf2 Rf7 44. Rh2 Rf5+ 45. Kg4 Rh5 46. Rb2 Bc6
47. e4 Bxe4 48. Bf2 Rh7 49. Bh4 Bc6 50. Re2+ Kd5 51. Be7 Bd7+ 52. Kg5 Kxc5 53.
Kxg6 Rh1 54. Rb2 Rg1+ 55. Kf6 Rf1+ 56. Ke5 Rf5+ 57. Ke4 Rf7 58. Kd3 Kd5 59.
Rxb7 Ke6 1/2-1/2

[Event "4NCL/Div2/WRO vs. GUI3"]
[Site "Birmingham ENG"]
[Date "2005.10.22"]
[Round "1.4"]
[White "Richardson, Keith B"]
[Black "Gayson, Peter M"]
[Result "1/2-1/2"]
[WhiteElo "2236"]
[BlackElo "2233"]
[PlyCount "82"]
[EventDate "2005.10.22"]
[SourceDate "2005.10.25"]

1. c4 e5 2. Nc3 d6 3. Nf3 f5 4. d4 e4 5. Nd2 Nf6 6. e3 Be7 7. f3 exf3 8. Nxf3
O-O 9. Bd3 Nc6 10. O-O g6 11. a3 Bd7 12. b4 Qe8 13. Ra2 Nd8 14. Re2 Nf7 15. e4
fxe4 16. Nxe4 Qd8 17. Neg5 Nxg5 18. Bxg5 Rf7 19. Qe1 Qf8 20. Qh4 Bd8 21. Nd2 h6
22. Qxh6 Qxh6 23. Bxh6 Ng4 24. Rxf7 Kxf7 25. Bf4 Bf6 26. Nf3 Kg7 27. h3 Nh6 28.
g4 Rf8 29. g5 Bxg5 30. Bxg5 Rxf3 31. Re7+ Nf7 32. Rxd7 Rxd3 33. Kg2 Rxa3 34.
Rxc7 b6 35. Bf4 Kf6 36. h4 a5 37. bxa5 bxa5 38. c5 dxc5 39. dxc5 Rc3 40. c6 a4
41. Ra7 Rxc6 1/2-1/2

[Event "4NCL/Div2/WRO vs. GUI3"]
[Site "Birmingham ENG"]
[Date "2005.10.22"]
[Round "1.5"]
[White "Barrett, Steve J"]
[Black "Strugnell, Carl"]
[Result "1-0"]
[WhiteElo "2188"]
[BlackElo "2154"]
[PlyCount "63"]
[EventDate "2005.10.22"]
[SourceDate "2005.10.25"]

1. d4 d5 2. c4 c6 3. Nc3 Nf6 4. Bg5 dxc4 5. a4 Nd5 6. a5 Nb4 7. Nf3 h6 8. Bf4
Nd7 9. e4 b5 10. axb6 Nxb6 11. Be2 Bg4 12. O-O e6 13. Ne5 Bxe2 14. Qxe2 Bd6 15.
Qg4 g5 16. Be3 Bxe5 17. dxe5 Nd3 18. f4 Rg8 19. f5 Nxe5 20. Qh5 exf5 21. Rxf5
Nbd7 22. Bd4 Qc7 23. Qxh6 a5 24. Bxe5 Qb6+ 25. Kh1 Qxb2 26. Rb1 Qc2 27. Qxc6
Rd8 28. Qxc4 Nxe5 29. Rxe5+ Kf8 30. Qc5+ Kg7 31. Rxg5+ Kh6 32. Rh5+ 1-0

[Event "4NCL/Div2/WRO vs. GUI3"]
[Site "Birmingham ENG"]
[Date "2005.10.22"]
[Round "1.7"]
[White "Faulks, Nick"]
[Black "Stimpson, Philip M"]
[Result "1-0"]
[WhiteElo "2107"]
[BlackElo "2135"]
[PlyCount "47"]
[EventDate "2005.10.22"]
[SourceDate "2005.10.25"]

1. e4 d5 2. exd5 Nf6 3. c4 e6 4. dxe6 Bxe6 5. Nf3 Qe7 6. Be2 Bxc4 7. d3 Ba6 8.
O-O Nc6 9. Re1 O-O-O 10. d4 Bxe2 11. Rxe2 Qd7 12. Nc3 Nxd4 13. Nxd4 Qxd4 14.
Rd2 Bc5 15. Rxd4 Bxd4 16. Qf3 Rhe8 17. Bf4 h5 18. h3 Re7 19. Be3 Bxe3 20. fxe3
Rd2 21. Rd1 Rxb2 22. Nd5 Re6 23. Nxf6 Rxf6 24. Qd5 1-0

[Event "4NCL/Div2/WRO vs. GUI3"]
[Site "Birmingham ENG"]
[Date "2005.10.22"]
[Round "1.8"]
[White "Yurenok, Maria S"]
[Black "Anandajeyarajah, Thilagini"]
[Result "1-0"]
[WhiteElo "2072"]
[BlackElo "1810"]
[PlyCount "65"]
[EventDate "2005.10.22"]
[SourceDate "2005.10.25"]

1. d4 e6 2. Nf3 Nf6 3. Bg5 d5 4. e3 Nbd7 5. Bd3 c5 6. c3 Qc7 7. Nbd2 c4 8. Bc2
Be7 9. O-O e5 10. dxe5 Nxe5 11. Nxe5 Qxe5 12. Nf3 Qe6 13. Nd4 Qg4 14. Bxf6 Qxd1
15. Raxd1 Bxf6 16. Nb5 O-O 17. Nc7 Rb8 18. Nxd5 Bg5 19. Rd4 b5 20. Rfd1 Bb7 21.
Be4 Rfe8 22. g3 g6 23. Bg2 Kg7 24. e4 Rbd8 25. Nc7 Re7 26. Rxd8 Rxc7 27. R8d7
Rxd7 28. Rxd7 Bc6 29. Rc7 Be8 30. e5 Kh6 31. h4 Bc1 32. Re7 Bc6 33. Bxc6 1-0

[Event "4NCL/Div2/GUI3 vs. BRI1"]
[Site "Birmingham ENG"]
[Date "2005.10.23"]
[Round "2.1"]
[White "Thompson, Ian D"]
[Black "Beaumont, Chris"]
[Result "1/2-1/2"]
[WhiteElo "2295"]
[BlackElo "2329"]
[PlyCount "66"]
[EventDate "2005.10.23"]
[SourceDate "2005.10.25"]

1. Nf3 g6 2. g3 Bg7 3. Bg2 c5 4. c4 Nc6 5. Nc3 e5 6. O-O Nge7 7. Ne1 O-O 8. Nc2
Rb8 9. a3 a5 10. Rb1 d6 11. b4 Be6 12. bxc5 Bxc4 13. d3 Be6 14. cxd6 Qxd6 15.
Ne4 Qc7 16. a4 Rfd8 17. Na3 Nd5 18. Nb5 Qe7 19. Bd2 Ndb4 20. Qc1 Ba2 21. Rb2
Bd5 22. Bg5 f6 23. Be3 Bxe4 24. Bxe4 f5 25. Bg5 Bf6 26. Bxf6 Qxf6 27. Bg2 Rbc8
28. Qb1 Qe7 29. Bxc6 Rxc6 30. Rd1 b6 31. Rbd2 Rcc8 32. e4 Rd7 33. d4 exd4
1/2-1/2

[Event "4NCL/Div2/GUI3 vs. BRI1"]
[Site "Birmingham ENG"]
[Date "2005.10.23"]
[Round "2.2"]
[White "Vitoux, Columban"]
[Black "Granat, Russell G"]
[Result "1-0"]
[WhiteElo "2264"]
[BlackElo "2262"]
[PlyCount "59"]
[EventDate "2005.10.23"]
[SourceDate "2005.10.25"]

1. e4 Nc6 2. d4 e5 3. Nf3 exd4 4. Nxd4 Bc5 5. Nf5 g6 6. Ne3 d6 7. Nc3 Bd4 8.
Ned5 a6 9. h4 h5 10. Bg5 f6 11. Bd2 Be6 12. Ne2 Ba7 13. Bc3 Ne5 14. Nd4 Bf7 15.
Ba5 Bxd5 16. exd5 Qe7 17. Be2 Bxd4 18. Qxd4 Nh6 19. O-O-O O-O 20. Rde1 Qd7 21.
Bd2 Kg7 22. f3 Rae8 23. Rhg1 c5 24. Qf4 Nhf7 25. g4 hxg4 26. fxg4 g5 27. Qf2
gxh4 28. g5 f5 29. g6 Nxg6 30. Rxg6+ 1-0

[Event "4NCL/Div2/GUI3 vs. BRI1"]
[Site "Birmingham ENG"]
[Date "2005.10.23"]
[Round "2.3"]
[White "Abayasekera, Roger"]
[Black "Buckley, Simon T"]
[Result "1/2-1/2"]
[WhiteElo "2210"]
[BlackElo "2338"]
[PlyCount "34"]
[EventDate "2005.10.23"]
[SourceDate "2005.10.25"]

1. Nf3 c5 2. c4 Nc6 3. d4 cxd4 4. Nxd4 Rb8 5. Nc3 e6 6. g3 a6 7. Bg2 Qc7 8. O-O
Nf6 9. b3 Qa5 10. Bb2 Qh5 11. e3 Qg6 12. Qb1 Nxd4 13. exd4 b5 14. Qxg6 hxg6 15.
c5 b4 16. Ne4 Nxe4 17. Bxe4 Be7 1/2-1/2

[Event "4NCL/Div2/GUI3 vs. BRI1"]
[Site "Birmingham ENG"]
[Date "2005.10.23"]
[Round "2.4"]
[White "Buckley, David E"]
[Black "Richardson, Keith B"]
[Result "1/2-1/2"]
[WhiteElo "2246"]
[BlackElo "2236"]
[PlyCount "47"]
[EventDate "2005.10.23"]
[SourceDate "2005.10.25"]

1. Nf3 g6 2. g3 Bg7 3. d4 Nf6 4. Bg2 O-O 5. c4 d6 6. O-O Nc6 7. Nc3 e5 8. d5
Ne7 9. e4 Nd7 10. Ne1 f5 11. Nd3 c6 12. c5 fxe4 13. dxc6 Nxc6 14. Nxe4 Nxc5 15.
Nexc5 dxc5 16. Nxc5 Qxd1 17. Rxd1 Bg4 18. Rd6 Nd4 19. Bxb7 Rab8 20. Be3 Nc2 21.
Rc1 Nxe3 22. fxe3 Bh6 23. Re1 Bf3 24. Bxf3 1/2-1/2

[Event "4NCL/Div2/GUI3 vs. BRI1"]
[Site "Birmingham ENG"]
[Date "2005.10.23"]
[Round "2.5"]
[White "Strugnell, Carl"]
[Black "Sherwin, James T"]
[Result "0-1"]
[WhiteElo "2154"]
[BlackElo "2274"]
[PlyCount "108"]
[EventDate "2005.10.23"]
[SourceDate "2005.10.25"]

1. e4 c5 2. Nf3 d6 3. d4 cxd4 4. Nxd4 Nf6 5. Nc3 a6 6. g3 e6 7. Bg2 Qc7 8. O-O
Be7 9. a4 Nc6 10. h3 O-O 11. g4 h6 12. Nde2 Rd8 13. f4 d5 14. e5 Ne4 15. Nxe4
dxe4 16. Qe1 Nb4 17. Qc3 Qxc3 18. bxc3 Nxc2 19. Ra2 Bc5+ 20. Kh2 Ne3 21. Bxe3
Bxe3 22. Bxe4 Rb8 23. Rb1 b6 24. Kg2 Bd7 25. Kf3 Bc5 26. f5 b5 27. a5 Rdc8 28.
Rd1 Be8 29. Nf4 Be7 30. Rd3 Rc5 31. fxe6 Rxe5 32. Re3 Bf6 33. Rae2 fxe6 34.
Nxe6 Rxe6 35. Bh7+ Kxh7 36. Rxe6 Bf7 37. Rxa6 Bd5+ 38. Kf4 Bxc3 39. Rd6 Rf8+
40. Ke3 Re8+ 41. Kf2 Rxe2+ 42. Kxe2 Bc4+ 43. Kd1 Bxa5 44. h4 Bc7 45. Rc6 Bd8
46. h5 Bf6 47. Rb6 Kg8 48. Kd2 Kf7 49. Ke3 Bc3 50. Rc6 Ke7 51. Ke4 Kd7 52. Rc5
Kd6 53. Rc8 Bf6 54. Ke3 Bd5 0-1

[Event "4NCL/Div2/GUI3 vs. BRI1"]
[Site "Birmingham ENG"]
[Date "2005.10.23"]
[Round "2.6"]
[White "Rudd, Jack"]
[Black "Punnett, Alan K"]
[Result "1-0"]
[WhiteElo "2281"]
[BlackElo "2116"]
[PlyCount "115"]
[EventDate "2005.10.23"]
[SourceDate "2005.10.25"]

1. e4 e6 2. d4 d5 3. Nd2 c5 4. Ngf3 Nc6 5. exd5 exd5 6. dxc5 Bxc5 7. Nb3 Bd6 8.
Bg5 Nge7 9. Be2 O-O 10. O-O Bg4 11. Nfd4 Bxe2 12. Qxe2 Nxd4 13. Nxd4 Qd7 14.
Rad1 h6 15. Be3 a6 16. Qf3 Rac8 17. c3 Rfe8 18. Rfe1 Bb8 19. Bf4 Nc6 20. Nb3
Rxe1+ 21. Rxe1 Qf5 22. Bxb8 Qxf3 23. gxf3 Rxb8 24. Rd1 Ne5 25. Rxd5 Nc4 26. Rd4
b5 27. Nc5 Nxb2 28. Nxa6 Rb6 29. Nc7 Rb7 30. Nd5 Ra7 31. Rb4 Rxa2 32. Rxb5 Nd3
33. c4 Rc2 34. Ne3 Rc1+ 35. Kg2 Nf4+ 36. Kg3 Ne2+ 37. Kh3 g5 38. Rb2 Nd4 39.
Kg2 Kg7 40. Rb6 Ne6 41. h3 h5 42. Rd6 Ra1 43. Rd2 Kf6 44. Nd5+ Ke5 45. Re2+ Kd6
46. Rb2 Rc1 47. Ne3 Nf4+ 48. Kh2 Ng6 49. Rb6+ Ke5 50. Rb5+ Kd4 51. Rxg5 Kd3 52.
Rg1 Rc3 53. f4 Nxf4 54. Rg7 f5 55. Rf7 Ke4 56. Rxf5 Nd3 57. Kg2 Nf4+ 58. Rxf4+
1-0

[Event "4NCL/Div2/GUI3 vs. BRI1"]
[Site "Birmingham ENG"]
[Date "2005.10.23"]
[Round "2.7"]
[White "Stimpson, Philip M"]
[Black "Dilleigh, Stephen P"]
[Result "1-0"]
[WhiteElo "2135"]
[BlackElo "2149"]
[PlyCount "49"]
[EventDate "2005.10.23"]
[SourceDate "2005.10.25"]

1. e4 e6 2. Nc3 d5 3. Nf3 Nf6 4. e5 Nfd7 5. d4 c5 6. dxc5 Nc6 7. Bf4 Bxc5 8.
Bd3 f6 9. exf6 Nxf6 10. O-O O-O 11. Ne5 Bd7 12. a3 a6 13. Qd2 Nh5 14. Bg5 Qe8
15. Rae1 Nxe5 16. Rxe5 Bd6 17. Ree1 Nf4 18. Bxf4 Bxf4 19. Qe2 Qf7 20. Qf3 Bd2
21. Bxh7+ Kxh7 22. Qd3+ g6 23. Qxd2 Kg7 24. Re3 Qf4 25. Nxd5 1-0

[Event "4NCL/Div2/GUI3 vs. BRI1"]
[Site "Birmingham ENG"]
[Date "2005.10.23"]
[Round "2.8"]
[White "James, Ann-Marie"]
[Black "Yurenok, Maria S"]
[Result "1/2-1/2"]
[WhiteElo "2082"]
[BlackElo "2072"]
[PlyCount "47"]
[EventDate "2005.10.23"]
[SourceDate "2005.10.25"]

1. e4 c5 2. c3 b6 3. d4 Bb7 4. Bd3 Nf6 5. f3 e6 6. Ne2 Be7 7. O-O cxd4 8. cxd4
O-O 9. Nbc3 d6 10. Be3 Nc6 11. Rc1 Rc8 12. Qe1 e5 13. Bb1 Ba6 14. Qd2 exd4 15.
Bxd4 Nxd4 16. Qxd4 d5 17. Qa4 Bxe2 18. Nxe2 dxe4 19. Rxc8 Qxc8 20. Bxe4 Nxe4
21. Qxe4 Bc5+ 22. Kh1 Re8 23. Qc2 Qe6 24. Nc3 1/2-1/2

[Event "4NCL/Div2/PYO vs. WWKS1"]
[Site "Birmingham ENG"]
[Date "2005.10.23"]
[Round "2.1"]
[White "Rendle, Thomas E"]
[Black "Wu, Li"]
[Result "1/2-1/2"]
[WhiteElo "2332"]
[BlackElo "2287"]
[PlyCount "38"]
[EventDate "2005.10.23"]
[SourceDate "2005.10.25"]

1. e4 c5 2. Nf3 d6 3. c3 Nf6 4. Be2 Bg4 5. h3 Bxf3 6. Bb5+ Nbd7 7. Qxf3 a6 8.
Ba4 b5 9. Bc2 c4 10. d4 cxd3 11. Qxd3 g6 12. O-O Bg7 13. Qe2 O-O 14. Nd2 Qc7
15. Nf3 Nc5 16. Bf4 Nfd7 17. Rac1 Rab8 18. Qd2 Ne6 19. Bh6 Ne5 1/2-1/2

[Event "4NCL/Div2/PYO vs. WWKS1"]
[Site "Birmingham ENG"]
[Date "2005.10.23"]
[Round "2.2"]
[White "Mason, Don"]
[Black "Bigg, Andrew J"]
[Result "1/2-1/2"]
[WhiteElo "2277"]
[BlackElo "2295"]
[PlyCount "43"]
[EventDate "2005.10.23"]
[SourceDate "2005.10.25"]

1. e4 e6 2. d4 d5 3. Nd2 Nf6 4. e5 Nfd7 5. c3 c5 6. Bd3 Nc6 7. Ne2 cxd4 8. cxd4
f6 9. exf6 Qxf6 10. Nf3 Bd6 11. O-O e5 12. Bg5 Qf7 13. dxe5 Ndxe5 14. Nxe5 Bxe5
15. f4 Bxb2 16. Rb1 Bf6 17. Qc2 g6 18. Qc5 Be7 19. Bxe7 Qxe7 20. Qxd5 Be6 21.
Qe4 O-O 22. Kh1 1/2-1/2

[Event "4NCL/Div2/PYO vs. WWKS1"]
[Site "Birmingham ENG"]
[Date "2005.10.23"]
[Round "2.3"]
[White "Dorrington, Christopher"]
[Black "Thomas, Nicholas"]
[Result "0-1"]
[WhiteElo "2227"]
[BlackElo "2234"]
[PlyCount "120"]
[EventDate "2005.10.23"]
[SourceDate "2005.10.25"]

1. e4 e6 2. d3 d5 3. Nd2 Nf6 4. Ngf3 b6 5. g3 dxe4 6. dxe4 Bc5 7. Bb5+ c6 8.
Bd3 e5 9. h3 O-O 10. Nc4 Nxe4 11. Bxe4 Qxd1+ 12. Kxd1 f5 13. Bd3 e4 14. Nce5
exd3 15. Nxd3 Nd7 16. Nxc5 Nxc5 17. Be3 Rd8+ 18. Kc1 Ne4 19. b3 Re8 20. Re1 f4
21. gxf4 Bxh3 22. Ng5 Bf5 23. Nxe4 Bxe4 24. Kb2 h5 25. Bd4 h4 26. f3 Bf5 27.
Rh1 h3 28. Rag1 g6 29. Rg5 Rad8 30. Be5 Rf8 31. Kc3 Rd5 32. Rh2 Rd1 33. Kb2 Rf7
34. a4 Rh7 35. Bc3 Rf1 36. Rg3 c5 37. Be5 Rd7 38. Bc3 a6 39. Be5 b5 40. axb5
axb5 41. Rgxh3 Bxh3 42. Rxh3 Rh7 43. Rg3 Kf7 44. Rg2 Rd1 45. c4 bxc4 46. Rc2
Ke6 47. Rg2 Kf7 48. Rc2 cxb3 49. Rxc5 Rh3 50. Rc7+ Ke8 51. Rc3 Rf1 52. Kxb3
Rfxf3 53. Rxf3 Rxf3+ 54. Kc4 Kf7 55. Kd5 Rf1 56. Bc7 Kf6 57. Ke4 Re1+ 58. Kf3
Kf5 59. Kg3 Re3+ 60. Kh4 Rf3 0-1

[Event "4NCL/Div2/PYO vs. WWKS1"]
[Site "Birmingham ENG"]
[Date "2005.10.23"]
[Round "2.4"]
[White "James, Russell A"]
[Black "Bennet, William D"]
[Result "1-0"]
[WhiteElo "2219"]
[BlackElo "2165"]
[PlyCount "55"]
[EventDate "2005.10.23"]
[SourceDate "2005.10.25"]

1. e4 c5 2. c3 d5 3. exd5 Qxd5 4. d4 Nc6 5. Nf3 cxd4 6. cxd4 e5 7. Nc3 Bb4 8.
Be2 e4 9. O-O Bxc3 10. bxc3 exf3 11. Bxf3 Qd6 12. Qa4 Bd7 13. Ba3 Qc7 14. Rfe1+
Kd8 15. Qb3 Nh6 16. Rab1 Kc8 17. Bd6 Qb6 18. Qd5 Qa6 19. Bf4 Rd8 20. Qc5 Bf5
21. Re7 Rd7 22. Re8+ Rd8 23. Rxd8+ Kxd8 24. Qf8+ Kd7 25. Qd6+ Ke8 26. Re1+ Be6
27. Bxh6 gxh6 28. Rxe6+ 1-0